Akta Kastam:perintah duti kastam (barang-barang di bawah perjanjian penubuhan kawasan perdagangan bebas antara ASEAN-Australia-New Zealand) 2013 [ P.U.(A) 378/2013] = (Record no. 1710)
[ view plain ]
| 000 -LEADER | |
|---|---|
| fixed length control field | nam a22 a 4500 |
| 005 - DATE AND TIME OF LATEST TRANSACTION | |
| control field | 20170515161635.0 |
| 008 - FIXED-LENGTH DATA ELEMENTS--GENERAL INFORMATION | |
| fixed length control field | 170511s2013 my ||||| |||| 00| 0 eng d |
| 040 ## - CATALOGING SOURCE | |
| Original cataloging agency | AKMAL |
| 082 ## - DEWEY DECIMAL CLASSIFICATION NUMBER | |
| Classification number | 382.911 MAL |
| 090 ## - LOCALLY ASSIGNED LC-TYPE CALL NUMBER (OCLC); LOCAL CALL NUMBER (RLIN) | |
| Classification number (OCLC) (R) ; Classification number, CALL (RLIN) (NR) | 382.911 |
| Local cutter number (OCLC) ; Book number/undivided call number, CALL (RLIN) | MAL |
| 110 1# - MAIN ENTRY--CORPORATE NAME | |
| Corporate name or jurisdiction name as entry element | Malaysia |
| Subordinate unit | Jabatan Kastam Diraja Malaysia |
| 9 (RLIN) | 1301 |
| 245 1# - TITLE STATEMENT | |
| Title | Akta Kastam:perintah duti kastam (barang-barang di bawah perjanjian penubuhan kawasan perdagangan bebas antara ASEAN-Australia-New Zealand) 2013 [ P.U.(A) 378/2013] = |
| Remainder of title | Customs Act 1967:customs duties(goods under the agreemant establishing the ASEAN -Australia- New Zealand free trade area) order 2013 [P.U.(A) 378/2013} |
| 260 ## - PUBLICATION, DISTRIBUTION, ETC. | |
| Place of publication, distribution, etc. | Kuala Lumpur; |
| Name of publisher, distributor, etc. | Percetakan Nasional Berhad, |
| Date of publication, distribution, etc. | 2013 |
| 300 ## - PHYSICAL DESCRIPTION | |
| Extent | 882pages : |
| Dimensions | 25cm |
| 500 ## - GENERAL NOTE | |
| General note | Parallel text in Bahasa Malaysia and English |
| 650 1# - SUBJECT ADDED ENTRY--TOPICAL TERM | |
| Topical term or geographic name entry element | Tariff |
| General subdivision | Law & legislation |
| Geographic subdivision | Malaysia |
| 9 (RLIN) | 3528 |
| 650 2# - SUBJECT ADDED ENTRY--TOPICAL TERM | |
| Topical term or geographic name entry element | Customs administration |
| General subdivision | Law and legislation |
| Geographic subdivision | Malaysia |
| 9 (RLIN) | 3529 |
| 710 1# - ADDED ENTRY--CORPORATE NAME | |
| Corporate name or jurisdiction name as entry element | Malaysia |
| Subordinate unit | Jabatan Kastam Diraja Malaysia |
| 9 (RLIN) | 1301 |
| 942 ## - ADDED ENTRY ELEMENTS (KOHA) | |
| Source of classification or shelving scheme | |
| Koha item type | Book |
| 950 ## - LOCAL HOLDINGS (RLIN) | |
| Permanent shelving location, LOC (RLIN) | AKMAL |
| Withdrawn status | Lost status | Source of classification or shelving scheme | Damaged status | Not for loan | Collection code | Home library | Current library | Shelving location | Date acquired | Inventory number | Total Checkouts | Full call number | Barcode | Date last seen | Price effective from | Koha item type |
|---|---|---|---|---|---|---|---|---|---|---|---|---|---|---|---|---|
| NON-FICTION | AKMAL Melaka | AKMAL Melaka | PINJAMAN | 16.05.2017 | 306769 | 382.911 MAL | 201702899 | 16.05.2017 | 16.05.2017 | Book | ||||||
| NON-FICTION | AKMAL Melaka | AKMAL Melaka | PINJAMAN | 16.05.2017 | 306773 | 382.911 MAL | 201702898 | 16.05.2017 | 16.05.2017 | Book | ||||||
| NON-FICTION | AKMAL Melaka | AKMAL Melaka | PINJAMAN | 16.05.2017 | 306772 | 382.911 MAL | 201702897 | 16.05.2017 | 16.05.2017 | Book | ||||||
| NON-FICTION | AKMAL Melaka | AKMAL Melaka | PINJAMAN | 16.05.2017 | 306768 | 382.911 MAL | 201702896 | 16.05.2017 | 16.05.2017 | Book | ||||||
| NON-FICTION | AKMAL Melaka | AKMAL Melaka | PINJAMAN | 16.05.2017 | 306770 | 382.911 MAL | 201702895 | 16.05.2017 | 16.05.2017 | Book | ||||||
| NON-FICTION | AKMAL Melaka | AKMAL Melaka | PINJAMAN | 16.05.2017 | 306771 | 382.911 MAL | 201702894 | 16.05.2017 | 16.05.2017 | Book | ||||||
| NON-FICTION | AKMAL Melaka | AKMAL Melaka | PINJAMAN | 16.05.2017 | 306774 | 382.911 MAL | 201702903 | 16.05.2017 | 16.05.2017 | Book | ||||||
| NON-FICTION | AKMAL Melaka | AKMAL Melaka | PINJAMAN | 16.05.2017 | 306767 | 382.911 MAL | 201702902 | 16.05.2017 | 16.05.2017 | Book | ||||||
| NON-FICTION | AKMAL Melaka | AKMAL Melaka | PINJAMAN | 16.05.2017 | 306775 | 382.911 MAL | 201702901 | 16.05.2017 | 16.05.2017 | Book | ||||||
| NON-FICTION | AKMAL Melaka | AKMAL Melaka | PINJAMAN | 16.05.2017 | 306776 | 382.911 MAL | 201702900 | 16.05.2017 | 16.05.2017 | Book |
